Подробности
| 000 -МАРКЕР |
| контрольное поле |
02160nam0a2200349 4500 |
| 001 - ИДЕНТИФИКАТОР ЗАПИСИ |
| контрольное поле |
RU\NLR\bibl\401710 |
| 005 - ИДЕНТИФИКАТОР ВЕРСИИ |
| контрольное поле |
20260409072832.0 |
| 010 ## - МЕЖДУНАРОДНЫЙ СТАНДАРТНЫЙ НОМЕР КНИГИ (ISBN) |
| Номер (ISBN) |
5-85879-054-5 |
| Тираж |
500 |
| 021 ## - НОМЕР ГОСУДАРСТВЕННОЙ РЕГИСТРАЦИИ |
| Код страны |
Российская Федерация |
| Номер |
2003-13325 |
| Номер Листа государственной регистраци |
613 |
| 035 ## - ДРУГИЕ СИСТЕМНЫЕ НОМЕРА |
| Идентификатор записи |
(NLR Aleph) 000395866 |
| 100 ## - ДАННЫЕ ОБЩЕЙ ОБРАБОТКИ |
| Данные общей обработки |
20030522d2002 |||y0rusy50 ca |
| 101 0# - ЯЗЫК РЕСУРСА |
| Язык текста, звукозаписи и т.д. |
русский |
| 102 ## - СТРАНА ПУБЛИКАЦИИ ИЛИ ПРОИЗВОДСТВА |
| Страна публикации |
Российская Федерация |
| 105 ## - ПОЛЕ КОДИРОВАННЫХ ДАННЫХ: ТЕКСТОВЫЕ МАТЕРИАЛЫ, МОНОГРАФИЧЕСКИЕ |
| Кодированные данные о монографическом текстовом документе |
ach ||||||||| |
| 200 1# - ЗАГЛАВИЕ И СВЕДЕНИЯ ОБ ОТВЕТСТВЕННОСТИ |
| Основное заглавие |
Основы теории физического воспитания |
| Параллельное заглавие |
Physical training theory |
| Сведения, относящиеся к заглавию |
Учеб. пособие |
| Первые сведения об ответственности |
Л.А. Белоусова, А.Г. Гмырин, С.А. Самодов |
| Последующие сведения об ответственности |
М-во образования Рос. Федерации, Междунар. "Лига развития науки и образования" (Россия), Междунар. ассоц. развития науки, образования и культуры России (Италия), Междунар. "Ин-т управления" |
| Язык параллельного заглавия |
английский |
| 210 ## - ПУБЛИКАЦИЯ, РАСПРОСТРАНЕНИЕ И ДР. |
| Место издания, распространения и т.д. |
М. |
| -- |
Архангельск |
| Имя издателя, распространителя и т. д. |
Междунар. "Ин-т управления" |
| Дата издания, распространения и т.д. |
2002 |
| 215 ## - ФИЗИЧЕСКАЯ ХАРАКТЕРИСТИКА |
| Специфическое обозначение материала и объем |
128 с. |
| Другие сведения о физической характеристике |
ил., факс., портр. |
| Размеры |
20 |
| 300 ## - ОБЩИЕ ПРИМЕЧАНИЯ |
| Текст примечания |
Авт. также на англ. яз.: L.A. Belousova, A.G. Gmyrin, S.A. Samodov |
| 320 ## - ПРИМЕЧАНИЯ О НАЛИЧИИ В ДОКУМЕНТЕ БИБЛИОГРАФИИ / УКАЗАТЕЛЯ |
| Текст примечания |
Библиогр.: с. 62 (9 назв.) |
| 510 0# - ПАРАЛЛЕЛЬНОЕ ЗАГЛАВИЕ |
| Параллельное заглавие |
Physical training theory |
| Язык заглавия |
русский |
| 606 ## - НАИМЕНОВАНИЕ ТЕМЫ КАК ПРЕДМЕТ |
| Наименование темы |
Физическая культура и спорт |
| Тематический подзаголовок |
Теория |
| Формальный подзаголовок |
Учебные издания для высшей школы |
| Идентификатор авторитетной/нормативной записи |
RU\NLR\auth\661129118 |
| Системный номер авторитетной/нормативной записи |
1849073 |
| 606 ## - НАИМЕНОВАНИЕ ТЕМЫ КАК ПРЕДМЕТ |
| Наименование темы |
Физическая культура и спорт |
| Тематический подзаголовок |
Теория |
| Формальный подзаголовок |
Руководства, пособия и т.п. для высшей школы |
| Идентификатор авторитетной/нормативной записи |
RU\NLR\auth\661129118 |
| Системный номер авторитетной/нормативной записи |
1849073 |
| 686 ## - ИНДЕКСЫ ДРУГИХ КЛАССИФИКАЦИЙ |
| Индекс |
Ч511.0я73 |
| 700 #1 - ИМЯ ЛИЦА - ПЕРВИЧНАЯ ОТВЕТСТВЕННОСТЬ |
| Код отношения |
Автор |
| Материалы, к которым относится поле |
rus |
| Графика поля |
Кириллица |
| Начальный элемент ввода |
Белоусова |
| Часть имени, кроме начального элемента ввода |
Л. А. |
| Даты |
1950- |
| Расширение инициалов личного имени |
Любовь Афанасьевна |
| Идентификатор авторитетной/нормативной записи |
RU\NLR\auth\77114542 |
| Системный номер авторитетной/нормативной записи |
97467 |
| 701 #1 - ИМЯ ЛИЦА - АЛЬТЕРНАТИВНАЯ ОТВЕТСТВЕННОСТЬ |
| Начальный элемент ввода |
Гмырин |
| Часть имени, кроме начального элемента ввода |
А. Г. |
| Даты |
1965-2001 |
| Расширение инициалов личного имени |
Алексей Григорьевич |
| Код отношения |
Автор |
| 701 #1 - ИМЯ ЛИЦА - АЛЬТЕРНАТИВНАЯ ОТВЕТСТВЕННОСТЬ |
| Код отношения |
Автор |
| Материалы, к которым относится поле |
rus |
| Графика поля |
Кириллица |
| Начальный элемент ввода |
Самодов |
| Часть имени, кроме начального элемента ввода |
С. А. |
| Даты |
1951- |
| Расширение инициалов личного имени |
Сергей Александрович |
| Идентификатор авторитетной/нормативной записи |
RU\NLR\auth\77114540 |
| Системный номер авторитетной/нормативной записи |
97465 |
| 801 #0 - ИСТОЧНИК ЗАПИСИ |
| Страна |
Российская Федерация |
| Организация |
NLR |
| Дата составления |
20030522 |
| Правила каталогизации |
PSBO |
| 801 #1 - ИСТОЧНИК ЗАПИСИ |
| Страна |
Российская Федерация |
| Организация |
NLR |
| Дата составления |
20030522 |
| 942 ## - ДОПОЛНИТЕЛЬНЫЕ ЭЛЕМЕНТЫ ЗАПИСИ (АБИС) |
| Тип экземпляра АБИС |
Книга |
| 980 ## - КОЛЛЕКЦИЯ |
| Название коллекции |
Национальная библиография |